=LDR 00000nam 2200000 4500 =001 INLIS000000000027441 =005 20130612125822 =008 ***********************************Ind** =035 ##$$0010-061300000027441 =041 ##$$a Ind =082 ##$$a 579.7 =090 ##$$a 579.7, Tho b =100 ##$$a Thomi,Zairin =245 ##$$a Bimbingan pemantapan biologi SMA, Zairin Thomi =260 ##$$a 2005 $b Bandung =300 ##$$a 304 hlm, ilus, 30 cm =650 ##$$a Biologi-studi dan pengajaran =850 ##$$a NBPNMAT